[Event "Sachsen Anhalt 2-Württemberg 2"]
[Site "Gladenbach"]
[Date "2011.09.14"]
[Round "4.3"]
[White "Hoeschele, Hans-Ulrich"]
[Black "Kirmas, Joachim"]
[Result "1-0"]
[WhiteElo "2003"]
[BlackElo "1957"]
[PlyCount "51"]
[EventDate "2011.??.??"]
[WhiteTeam "Württemberg 2"]
[BlackTeam "Sachsen Anhalt 2"]

1. c4 Nf6 2. Nc3 e5 3. g3 c6 4. Bg2 d6 5. d3 Be7 6. Nf3 O-O 7. Qc2 Re8 8. Bg5
Nbd7 9. Rd1 h6 10. Bc1 Bf8 11. O-O Rb8 12. d4 e4 13. Ne1 d5 14. cxd5 cxd5 15.
Bf4 Ra8 16. f3 g5 17. Bc1 exf3 18. Nxf3 Nb6 19. Ne5 Nc4 20. Nxd5 Nxd5 21. Nxf7
Qe7 22. Qg6+ Bg7 23. Nxh6+ Kh8 24. Nf7+ Kg8 25. Bxd5 Be6 26. Nxg5 1-0

[Event "Sachsen Anhalt 2-Württemberg 2"]
[Site "Gladenbach"]
[Date "2011.09.14"]
[Round "4.4"]
[White "Just, Joachim"]
[Black "Lainburg, Viktor"]
[Result "0-1"]
[WhiteElo "1894"]
[BlackElo "2000"]
[PlyCount "84"]
[EventDate "2011.??.??"]
[WhiteTeam "Sachsen Anhalt 2"]
[BlackTeam "Württemberg 2"]

1. d4 d5 2. Nf3 Nc6 3. Bf4 Bf5 4. e3 Nb4 5. Na3 e6 6. c3 Nc6 7. Qb3 Rb8 8. Nb5
Bd6 9. Nxd6+ cxd6 10. Qa3 Ke7 11. Be2 Nf6 12. Ne5 Qc7 13. O-O Rhd8 14. c4 dxc4
15. Nxc4 Nd5 16. Bg3 b5 17. Nd2 Ndb4 18. Rac1 Qb6 19. Rfd1 Nc2 20. Bxd6+ Rxd6
21. Qc5 Qxc5 22. dxc5 Rdd8 23. Bf3 N2b4 24. a3 Nd3 25. Nb3 Nxc1 26. Rxc1 Rbc8
27. Bxc6 Rxc6 28. Nd4 Rcc8 29. f3 Bd3 30. Rc3 e5 31. Nb3 Bc4 32. Na5 Rd1+ 33.
Kf2 Rd2+ 34. Kg3 Rxb2 35. c6 Kd6 36. Rc1 Kc5 37. Rd1 Kb6 38. Nb7 Rxc6 39. Nd6
Ra2 40. f4 exf4+ 41. Kxf4 Rxa3 42. e4 Rd3 0-1

[Event "Mecklenburg VP 1-Schleswig Holstein 1"]
[Site "Gladenbach"]
[Date "2011.09.14"]
[Round "4.1"]
[White "Salov, Sergej"]
[Black "Wiemer, Jürgen"]
[Result "1-0"]
[WhiteElo "2221"]
[BlackElo "1972"]
[PlyCount "105"]
[EventDate "2011.??.??"]
[WhiteTeam "Schleswig Holstein 1"]
[BlackTeam "Mecklenburg VP 1"]

1. e4 e5 2. Nf3 Nc6 3. Bb5 a6 4. Ba4 Nf6 5. O-O b5 6. Bb3 Be7 7. d4 d6 8. c3
Bg4 9. a4 O-O 10. h3 Bxf3 11. gxf3 Na5 12. Bc2 c5 13. dxe5 dxe5 14. f4 Qc7 15.
Qf3 b4 16. fxe5 Qxe5 17. Bf4 Qh5 18. Qxh5 Nxh5 19. Bc7 Nc6 20. Nd2 Rac8 21. Bh2
g6 22. Nc4 Rcd8 23. e5 Ng7 24. Be4 Nb8 25. Rad1 Ne6 26. Nb6 Bg5 27. Nd5 a5 28.
f4 Bh4 29. f5 Ng7 30. Rf4 g5 31. Rf3 h5 32. Rfd3 Kh8 33. Nc7 g4 34. f6 Ne6 35.
Nxe6 Rxd3 36. Rxd3 fxe6 37. hxg4 hxg4 38. Bf4 Rg8 39. Bh6 Rc8 40. Kg2 Kg8 41.
Bg6 Nc6 42. Rd7 Nxe5 43. Rg7+ Kh8 44. Rh7+ Kg8 45. f7+ Nxf7 46. Rxf7 Rd8 47. c4
e5 48. Rg7+ Kh8 49. Rc7 e4 50. Bg7+ Kg8 51. Bxe4 Rd2+ 52. Kf1 Bd8 53. Rb7 1-0

[Event "Mecklenburg VP 1-Schleswig Holstein 1"]
[Site "Gladenbach"]
[Date "2011.09.14"]
[Round "4.2"]
[White "Jabbusch, Burkhard"]
[Black "Neumann, Joachim"]
[Result "0-1"]
[WhiteElo "1879"]
[BlackElo "2040"]
[PlyCount "68"]
[EventDate "2011.??.??"]
[WhiteTeam "Mecklenburg VP 1"]
[BlackTeam "Schleswig Holstein 1"]

1. f4 c5 2. Nf3 Nc6 3. e3 g6 4. c3 Bg7 5. d4 cxd4 6. exd4 d5 7. Bd3 Nh6 8. O-O
O-O 9. h3 f6 10. Na3 Nf7 11. Nc2 Nd6 12. Re1 Bf5 13. Re3 Bxd3 14. Qxd3 e6 15.
b3 Re8 16. g3 Qd7 17. Kg2 Rad8 18. Bb2 f5 19. Rd1 Ne4 20. h4 h6 21. Ne5 Nxe5
22. dxe5 Qc6 23. Nd4 Qb6 24. Ne2 Bf8 25. Nd4 Bc5 26. Kf3 Bxd4 27. Qxd4 Qxd4 28.
Rxd4 Rc8 29. Red3 Rc6 30. g4 Rec8 31. gxf5 gxf5 32. Rd1 R8c7 33. c4 dxc4 34.
bxc4 Rxc4 0-1

[Event "Mecklenburg VP 1-Schleswig Holstein 1"]
[Site "Gladenbach"]
[Date "2011.09.14"]
[Round "4.3"]
[White "Böttcher, Ulrich"]
[Black "Krüger, Gerhard"]
[Result "1/2-1/2"]
[WhiteElo "2007"]
[BlackElo "1908"]
[PlyCount "21"]
[EventDate "2011.??.??"]
[WhiteTeam "Schleswig Holstein 1"]
[BlackTeam "Mecklenburg VP 1"]

1. c4 e5 2. g3 f5 3. Bg2 Nf6 4. Nc3 Nc6 5. d3 Bb4 6. Bd2 O-O 7. a3 Bxc3 8. Bxc3
d6 9. Nh3 Qe8 10. e3 Bd7 11. O-O 1/2-1/2

[Event "Mecklenburg VP 1-Schleswig Holstein 1"]
[Site "Gladenbach"]
[Date "2011.09.14"]
[Round "4.4"]
[White "Kühn, Peter"]
[Black "Gehrmann, Rudolf-Rainer"]
[Result "1-0"]
[WhiteElo "1826"]
[BlackElo "1905"]
[PlyCount "45"]
[EventDate "2011.??.??"]
[WhiteTeam "Mecklenburg VP 1"]
[BlackTeam "Schleswig Holstein 1"]

1. e4 c5 2. Nf3 d6 3. d4 cxd4 4. Nxd4 Nf6 5. Nc3 g6 6. Be3 Bg7 7. f3 Nc6 8. Qd2
O-O 9. O-O-O Bd7 10. g4 Rc8 11. h4 h5 12. Kb1 hxg4 13. h5 Nxh5 14. Be2 Ne5 15.
fxg4 Bxg4 16. Rxh5 Bxh5 17. Bxh5 Nc4 18. Qc1 Nxe3 19. Qxe3 gxh5 20. Nf5 e6 21.
Nxg7 Qh4 22. Qh6 Rxc3 23. Nxh5 1-0

[Event "Schleswig Holstein 2-Rheinlandpfalz"]
[Site "Gladenbach"]
[Date "2011.09.14"]
[Round "4.1"]
[White "Müller, Lutz"]
[Black "Böhm, Eckart"]
[Result "1-0"]
[WhiteElo "1908"]
[BlackElo "1916"]
[PlyCount "89"]
[EventDate "2011.??.??"]
[WhiteTeam "Rheinlandpfalz"]
[BlackTeam "Schleswig Holstein 2"]

1. d4 Nf6 2. Nf3 e6 3. e3 b6 4. Bd3 Bb7 5. Nbd2 d5 6. O-O Be7 7. b3 Nbd7 8. Bb2
O-O 9. Qe2 Ne4 10. a3 c5 11. Rfd1 Rc8 12. Ne5 f6 13. Nxd7 Qxd7 14. Bb5 Qc7 15.
Nxe4 dxe4 16. dxc5 Rcd8 17. c6 Bc8 18. Qc4 a6 19. Bxa6 Bxa6 20. Qxa6 Qxc6 21.
Qe2 e5 22. Rxd8 Rxd8 23. Rd1 Kf8 24. Rxd8+ Bxd8 25. Qd2 Bc7 26. Bc3 Ke7 27.
Bb4+ Ke6 28. Kf1 b5 29. Ke1 f5 30. Qc3 Qxc3+ 31. Bxc3 Kd5 32. Bb4 Bd8 33. Bf8
g5 34. Kd2 h5 35. a4 bxa4 36. c4+ Kc6 37. b4 g4 38. g3 Bc7 39. Kc3 Bd8 40. b5+
Kb6 41. Kb4 a3 42. Kxa3 f4 43. Kb4 fxe3 44. Bc5+ Kb7 45. Bxe3 1-0

[Event "Schleswig Holstein 2-Rheinlandpfalz"]
[Site "Gladenbach"]
[Date "2011.09.14"]
[Round "4.2"]
[White "Lehmann, Erwin"]
[Black "Schwertel, Johann"]
[Result "1/2-1/2"]
[WhiteElo "1931"]
[BlackElo "1894"]
[PlyCount "95"]
[EventDate "2011.??.??"]
[WhiteTeam "Schleswig Holstein 2"]
[BlackTeam "Rheinlandpfalz"]

1. c4 e5 2. g3 Nc6 3. Bg2 Nf6 4. Nc3 d6 5. e4 Nd4 6. h3 Bd7 7. Nge2 Ne6 8. d3
Be7 9. O-O O-O 10. f4 c5 11. f5 Nd4 12. g4 h6 13. Nxd4 cxd4 14. Ne2 Nh7 15. b4
a5 16. b5 b6 17. a4 Ra7 18. Bd2 Bg5 19. Be1 Bh4 20. Ra2 Qg5 21. Bd2 Qf6 22. Kh2
Bg5 23. Be1 Bc8 24. Bg3 Bh4 25. Qe1 Bxg3+ 26. Qxg3 Qe7 27. Ng1 g5 28. Nf3 f6
29. Rh1 Rf7 30. Kg1 Nf8 31. h4 Rh7 32. Bf1 Qd8 33. Rah2 Rag7 34. Be2 Qc7 35.
Ne1 Qe7 36. hxg5 hxg5 37. Rh5 Bd7 38. Bd1 Be8 39. Rh6 Rxh6 40. Rxh6 Rh7 41. Qh2
Qg7 42. Rxh7 Qxh7 43. Bb3 Bf7 44. Qxh7+ Kxh7 45. Nf3 Be8 46. Nd2 Nd7 47. Nf3
Nc5 48. Bc2 1/2-1/2

[Event "Schleswig Holstein 2-Rheinlandpfalz"]
[Site "Gladenbach"]
[Date "2011.09.14"]
[Round "4.3"]
[White "Walter, Berthold"]
[Black "Meiwald, Gerhard"]
[Result "1-0"]
[WhiteElo "1910"]
[BlackElo "1843"]
[PlyCount "49"]
[EventDate "2011.??.??"]
[WhiteTeam "Rheinlandpfalz"]
[BlackTeam "Schleswig Holstein 2"]

1. e4 c6 2. d4 d5 3. exd5 cxd5 4. c4 Nf6 5. Nc3 e6 6. Nf3 Be7 7. c5 O-O 8. b4
b6 9. Ne5 bxc5 10. bxc5 Nfd7 11. Nxd7 Bxd7 12. Bf4 Qa5 13. Rc1 Nc6 14. Be2 e5
15. Bd2 exd4 16. Nxd5 Qxa2 17. Bf3 Bh4 18. O-O Ne5 19. Be4 f5 20. Nb4 Qf7 21.
Bxa8 Rxa8 22. c6 Be8 23. Bf4 Bf6 24. Re1 Ng6 25. Bd6 1-0

[Event "Schleswig Holstein 2-Rheinlandpfalz"]
[Site "Gladenbach"]
[Date "2011.09.14"]
[Round "4.4"]
[White "Gehrmann, Dorit"]
[Black "Neumann, Horst"]
[Result "1/2-1/2"]
[WhiteElo "1836"]
[BlackElo "1764"]
[PlyCount "40"]
[EventDate "2011.??.??"]
[WhiteTeam "Schleswig Holstein 2"]
[BlackTeam "Rheinlandpfalz"]

1. e4 c6 2. d4 d5 3. e5 Bf5 4. Bd3 Bxd3 5. Qxd3 e6 6. Ne2 Nd7 7. O-O Ne7 8. Nd2
Nf5 9. Nb3 c5 10. Nxc5 Bxc5 11. dxc5 Nxe5 12. Qb5+ Qd7 13. Nc3 Nd4 14. Qa5 Nc4
15. Qa4 Qxa4 16. Nxa4 Nxc2 17. Rb1 Rc8 18. b3 N2a3 19. Ra1 Nc2 20. Rb1 N2a3
1/2-1/2

[Event "Mecklenburg VP 2-Bremen"]
[Site "Gladenbach"]
[Date "2011.09.14"]
[Round "4.1"]
[White "Schoene, Armin"]
[Black "Pamperin, Gerhard"]
[Result "1-0"]
[WhiteElo "2017"]
[BlackElo "1805"]
[PlyCount "77"]
[EventDate "2011.??.??"]
[WhiteTeam "Bremen"]
[BlackTeam "Mecklenburg VP 2"]

1. e4 e6 2. d3 d5 3. Qe2 dxe4 4. dxe4 c6 5. Nf3 Be7 6. c4 Nf6 7. Nc3 O-O 8. g3
b6 9. e5 Nfd7 10. Bg2 Bb7 11. O-O Qc7 12. Bf4 Na6 13. a3 Rfd8 14. h4 Nf8 15. h5
Nc5 16. b4 Nd3 17. Bd2 a5 18. bxa5 Rxa5 19. Nd5 cxd5 20. Bxa5 bxa5 21. Qxd3
dxc4 22. Qe2 Nd7 23. Rfe1 Ba6 24. Nd4 Nc5 25. Nc6 Rc8 26. Nxe7+ Qxe7 27. Qe3
Rb8 28. Qc3 Nb3 29. Ra2 Rc8 30. Rd1 Bb7 31. Rd6 Bxg2 32. Kxg2 Qg5 33. Rc2 h6
34. Rb6 Kh7 35. Rb2 a4 36. Rb4 Rc5 37. Rxa4 Nc1 38. Rxc4 Rxc4 39. Qxc4 1-0

[Event "Mecklenburg VP 2-Bremen"]
[Site "Gladenbach"]
[Date "2011.09.14"]
[Round "4.2"]
[White "Nauschütz, Ernst"]
[Black "Gerhardt, Peter-Michael"]
[Result "1/2-1/2"]
[WhiteElo "1844"]
[BlackElo "1916"]
[PlyCount "84"]
[EventDate "2011.??.??"]
[WhiteTeam "Mecklenburg VP 2"]
[BlackTeam "Bremen"]

1. c4 Nf6 2. g3 g6 3. Bg2 Bg7 4. Nc3 O-O 5. e4 d6 6. Nge2 e5 7. O-O Nc6 8. Rb1
a5 9. a3 Be6 10. d3 Qd7 11. b4 axb4 12. axb4 b6 13. b5 Na5 14. f3 Nb7 15. Be3
Nc5 16. Qd2 Ra3 17. Qb2 Rfa8 18. Rfd1 h6 19. Bxc5 dxc5 20. g4 Kh7 21. Bf1 Ne8
22. h3 Bf6 23. Kg2 h5 24. Kg3 Qd8 25. Kg2 hxg4 26. fxg4 Bh4 27. Qd2 Bg5 28. Qe1
Ng7 29. Qg3 Bh4 30. Qf3 Qg5 31. Rb2 f5 32. exf5 gxf5 33. Kh1 fxg4 34. Qe4+ Kh8
35. hxg4 Bxg4 36. Bg2 Bf2 37. Ng1 Qh5+ 38. Nh3 Bxh3 39. Rxf2 Bf5+ 40. Kg1 Bxe4
41. Bxe4 Qg5+ 42. Kh1 Rxc3 1/2-1/2

[Event "Mecklenburg VP 2-Bremen"]
[Site "Gladenbach"]
[Date "2011.09.14"]
[Round "4.3"]
[White "Pundt, Wilfried"]
[Black "Krieg, Peter"]
[Result "0-1"]
[WhiteElo "1760"]
[BlackElo "1738"]
[PlyCount "82"]
[EventDate "2011.??.??"]
[WhiteTeam "Bremen"]
[BlackTeam "Mecklenburg VP 2"]

1. e4 e5 2. Nf3 Nf6 3. Nxe5 d6 4. Nxf7 Kxf7 5. Nc3 Be7 6. Bc4+ Be6 7. Bxe6+
Kxe6 8. d4 Re8 9. Qf3 Kf7 10. Be3 Nc6 11. O-O-O Qc8 12. h3 Kg8 13. g4 Rf8 14.
Qg3 b5 15. e5 Nd7 16. f4 b4 17. Nd5 Nb6 18. Nxe7+ Nxe7 19. Bd2 Ned5 20. f5 Qa6
21. Kb1 Nc4 22. Qb3 Nxd2+ 23. Rxd2 Qc6 24. Rf1 Kh8 25. g5 Rab8 26. f6 gxf6 27.
gxf6 Nxf6 28. Rff2 Nd7 29. Qd3 Rxf2 30. Rxf2 Rf8 31. Rxf8+ Nxf8 32. d5 Qc5 33.
Qf5 Kg8 34. Qg5+ Ng6 35. b3 Qxd5 36. h4 Qh1+ 37. Kb2 Qxh4 38. Qf5 Qd4+ 39. Kb1
Qd1+ 40. Kb2 Qd5 41. Qc8+ Kg7 0-1

[Event "Hessen 1-Baden 1"]
[Site "Gladenbach"]
[Date "2011.09.15"]
[Round "5.1"]
[White "Nekrasov, Michail"]
[Black "Donchenko, Anatoly"]
[Result "1/2-1/2"]
[WhiteElo "2280"]
[BlackElo "2329"]
[PlyCount "30"]
[EventDate "2011.??.??"]
[WhiteTeam "Baden 1"]
[BlackTeam "Hessen 1"]

1. e4 c5 2. c3 d5 3. exd5 Qxd5 4. d4 Nf6 5. Nf3 Bg4 6. Be2 e6 7. h3 Bh5 8. O-O
Nc6 9. Be3 cxd4 10. Nxd4 Bxe2 11. Qxe2 Nxd4 12. Bxd4 Be7 13. Rd1 Qc6 14. Nd2
O-O 15. Qc4 Rfc8 1/2-1/2

[Event "Hessen 1-Baden 1"]
[Site "Gladenbach"]
[Date "2011.09.15"]
[Round "5.2"]
[White "Klundt, Klaus"]
[Black "Schulze, Ulrich"]
[Result "1/2-1/2"]
[WhiteElo "2356"]
[BlackElo "2210"]
[PlyCount "50"]
[EventDate "2011.??.??"]
[WhiteTeam "Hessen 1"]
[BlackTeam "Baden 1"]

1. e4 c6 2. d4 d5 3. exd5 cxd5 4. c4 Nf6 5. Nc3 e6 6. Nf3 Be7 7. cxd5 Nxd5 8.
Bd3 Nc6 9. O-O O-O 10. Re1 Nf6 11. Bg5 Nd5 12. Be3 Nxe3 13. fxe3 b6 14. Be4 Bb7
15. Rc1 Qd7 16. Qa4 Rfd8 17. Red1 f5 18. Bd3 Bf6 19. Bc4 a6 20. Qb3 Na5 21.
Bxe6+ Kh8 22. Bxd7 Nxb3 23. axb3 Rxd7 24. Na4 Rd6 25. Kf2 Rc8 1/2-1/2

[Event "Hessen 1-Baden 1"]
[Site "Gladenbach"]
[Date "2011.09.15"]
[Round "5.3"]
[White "Biebinger, Gerhard"]
[Black "Haakert, Jürgen"]
[Result "1/2-1/2"]
[WhiteElo "2195"]
[BlackElo "2319"]
[PlyCount "20"]
[EventDate "2011.??.??"]
[WhiteTeam "Baden 1"]
[BlackTeam "Hessen 1"]

1. d4 f5 2. g3 Nf6 3. Bg2 g6 4. Nf3 Bg7 5. O-O O-O 6. c4 d6 7. Nc3 c6 8. Rb1
Qe8 9. d5 Bd7 10. Be3 Na6 1/2-1/2

[Event "Hessen 1-Baden 1"]
[Site "Gladenbach"]
[Date "2011.09.15"]
[Round "5.4"]
[White "Haubt, Georg"]
[Black "Gierth, Hans-Joachim"]
[Result "1-0"]
[WhiteElo "2147"]
[BlackElo "2226"]
[PlyCount "53"]
[EventDate "2011.??.??"]
[WhiteTeam "Hessen 1"]
[BlackTeam "Baden 1"]

1. e4 c6 2. d4 d5 3. f3 dxe4 4. fxe4 e5 5. Nf3 Be6 6. c3 Nf6 7. Bd3 Nbd7 8. Bg5
Bd6 9. Nbd2 Qc7 10. Qe2 h6 11. Bh4 O-O-O 12. Nc4 Bxc4 13. Bxc4 exd4 14. O-O
dxc3 15. Bxf7 g5 16. Bf2 g4 17. Nd4 Bxh2+ 18. Kh1 Qe5 19. Rae1 Nc5 20. Bg6 Bg3
21. Bf5+ Kb8 22. bxc3 Ncxe4 23. Nxc6+ bxc6 24. Rb1+ Ka8 25. Qa6 Qc7 26. Bxa7
Qc8 27. Bxc8 1-0

[Event "Bayern 1-Sachsen Anhalt 1"]
[Site "Gladenbach"]
[Date "2011.09.15"]
[Round "5.1"]
[White "Liebert, Heinz"]
[Black "Scheipl, Ralf"]
[Result "1/2-1/2"]
[WhiteElo "2163"]
[BlackElo "2204"]
[PlyCount "28"]
[EventDate "2011.??.??"]
[WhiteTeam "Sachsen Anhalt 1"]
[BlackTeam "Bayern 1"]

1. c4 e5 2. Nc3 Nf6 3. Nf3 Nc6 4. g3 d5 5. cxd5 Nxd5 6. Bg2 Nb6 7. O-O Be7 8.
d3 O-O 9. Be3 Be6 10. Qc1 Nd5 11. Ng5 Bxg5 12. Bxg5 f6 13. Bd2 Nd4 14. Qd1 c5
1/2-1/2

[Event "Bayern 1-Sachsen Anhalt 1"]
[Site "Gladenbach"]
[Date "2011.09.15"]
[Round "5.2"]
[White "Röder, Gerd"]
[Black "Neukirch, Detlef"]
[Result "0-1"]
[WhiteElo "2095"]
[BlackElo "2144"]
[PlyCount "122"]
[EventDate "2011.??.??"]
[WhiteTeam "Bayern 1"]
[BlackTeam "Sachsen Anhalt 1"]

1. e4 c5 2. c3 Nf6 3. e5 Nd5 4. d4 cxd4 5. cxd4 d6 6. Bc4 Nb6 7. Bb3 dxe5 8.
Qh5 e6 9. dxe5 Nc6 10. Nf3 Qd3 11. Nc3 Nc4 12. Bxc4 Qxc4 13. a3 b5 14. Nd2 Qd3
15. Qf3 Qxf3 16. Nxf3 a6 17. O-O Bb7 18. Bf4 Be7 19. Rfd1 Rd8 20. Rxd8+ Kxd8
21. Rc1 h6 22. h3 Na5 23. Nd2 Kd7 24. b4 Nc6 25. Nce4 Nd4 26. Kf1 Rc8 27. Rxc8
Kxc8 28. Nc3 $11 a5 29. bxa5 Bxa3 30. Be3 Nc6 31. Ke1 Ba6 32. f4 Nxa5 33. Nce4
Bb7 34. g3 Bxe4 35. Nxe4 Nc4 36. Bd4 Kc7 37. Ke2 Kc6 38. Kd3 Bb4 39. g4 Kd5 40.
Ng3 Bd2 41. Ne2 b4 42. Bf2 b3 43. Bd4 Bb4 44. Bc3 Bxc3 45. Nxc3+ Kc5 46. Ne4+
Kb4 47. Nd6 Na3 48. Ne4 b2 49. Nd2 b1=Q+ 50. Nxb1 Nxb1 51. f5 Nc3 52. h4 Nd5
53. Ke4 Kc5 54. g5 h5 55. g6 exf5+ 56. Kxf5 Ne7+ 57. Kg5 fxg6 58. Kf4 Kd5 59.
Kg5 Ke6 60. Kf4 Nf5 61. Kg5 Nxh4 0-1

[Event "Bayern 1-Sachsen Anhalt 1"]
[Site "Gladenbach"]
[Date "2011.09.15"]
[Round "5.3"]
[White "Csulits, Anton"]
[Black "Röder, Frank"]
[Result "*"]
[WhiteElo "2051"]
[BlackElo "2104"]
[PlyCount "48"]
[EventDate "2011.??.??"]
[WhiteTeam "Sachsen Anhalt 1"]
[BlackTeam "Bayern 1"]

1. d4 d5 2. Nf3 Nf6 3. g3 Bf5 4. Bg2 e6 5. h3 Nbd7 6. Nbd2 h6 7. g4 Bh7 8. g5
hxg5 9. Nxg5 Bg6 10. Rg1 Bd6 11. Bf1 Qe7 12. f3 Nh5 13. Kf2 Bg3+ 14. Rxg3 Nxg3
15. f4 Nxf1 16. Nxf1 f6 17. Nf3 Rxh3 18. Ng3 O-O-O 19. Bd2 Be4 20. e3 Rdh8 21.
c4 Qf7 22. Nxe4 dxe4 23. Ng1 Rh2+ 24. Ke1 Qg6 *

[Event "Bayern 1-Sachsen Anhalt 1"]
[Site "Gladenbach"]
[Date "2011.09.15"]
[Round "5.4"]
[White "Oechslein, Rainer"]
[Black "Werchan, Hans"]
[Result "1-0"]
[WhiteElo "2110"]
[BlackElo "2019"]
[PlyCount "93"]
[EventDate "2011.??.??"]
[WhiteTeam "Bayern 1"]
[BlackTeam "Sachsen Anhalt 1"]

1. e4 c5 2. Nf3 d6 3. d4 cxd4 4. Nxd4 Nf6 5. Nc3 a6 6. Bg5 e6 7. f4 Nbd7 8. Qf3
Qc7 9. O-O-O b5 10. e5 Bb7 11. Qh3 dxe5 12. Nxe6 fxe6 13. Qxe6+ Be7 14. Bxb5
O-O-O 15. Qxe7 axb5 16. Nxb5 Qc5 17. Nd6+ Kb8 18. Bxf6 gxf6 19. Rd3 exf4 20.
Re1 Bxg2 21. Rc3 Qf2 22. Rb3+ Ka8 23. Ra3+ Kb8 24. Nf7 Ne5 25. Qb4+ Bb7 26. Rb3
Qxe1+ 27. Qxe1 Nxf7 28. Rxb7+ Kxb7 29. Qe7+ Kc8 30. Qxf7 Rhe8 31. Qc4+ Kb7 32.
b4 f3 33. Qb5+ Kc7 34. Qc5+ Kb7 35. Qb5+ Kc7 36. Qf5 Re1+ 37. Kb2 Re2 38. Qf4+
Kc8 39. Qxf3 Rdd2 40. Qc6+ Kb8 41. h3 Rf2 42. b5 f5 43. b6 Rxc2+ 44. Qxc2 Rxc2+
45. Kxc2 Kb7 46. Kd3 Kxb6 47. Ke3 1-0

[Event "Württemberg 1-Niedersachsen 1"]
[Site "Gladenbach"]
[Date "2011.09.15"]
[Round "5.1"]
[White "Clemens, Christian"]
[Black "Frick, Christoph"]
[Result "1/2-1/2"]
[WhiteElo "2241"]
[BlackElo "2205"]
[PlyCount "36"]
[EventDate "2011.??.??"]
[WhiteTeam "Niedersachsen 1"]
[BlackTeam "Württemberg 1"]

1. g3 e5 2. c4 Nc6 3. Bg2 g6 4. Nc3 Bg7 5. e4 d6 6. Nge2 Nh6 7. d3 O-O 8. h4 f6
9. f3 Be6 10. Be3 Nf7 11. Qd2 Ne7 12. h5 c6 13. hxg6 hxg6 14. f4 d5 15. exd5
cxd5 16. Bc5 dxc4 17. dxc4 Qxd2+ 18. Kxd2 Rfd8+ 1/2-1/2

[Event "Württemberg 1-Niedersachsen 1"]
[Site "Gladenbach"]
[Date "2011.09.15"]
[Round "5.3"]
[White "Ljubarskij, Juri"]
[Black "Weisenburger, Horst"]
[Result "1-0"]
[WhiteElo "2133"]
[BlackElo "2063"]
[PlyCount "59"]
[EventDate "2011.??.??"]
[WhiteTeam "Niedersachsen 1"]
[BlackTeam "Württemberg 1"]

1. e4 d5 2. exd5 Qxd5 3. Nf3 Bf5 4. d4 Qe4+ 5. Kd2 g6 6. c4 c5 7. Qa4+ Bd7 8.
Qc2 Qxc2+ 9. Kxc2 cxd4 10. Nxd4 Bg7 11. Be3 Na6 12. Nc3 Nh6 13. Be2 Ng4 14. Bf3
Nxe3+ 15. fxe3 O-O-O 16. Rad1 Kb8 17. a3 Nc7 18. Rhf1 e5 19. Nb3 Ne6 20. Na5 b6
21. Nb7 f5 22. Nxd8 Rxd8 23. Bd5 Nc5 24. b4 Na4 25. Nb5 Bxb5 26. cxb5 Rc8+ 27.
Bc6 a6 28. Rd7 Rc7 29. Rd8+ Rc8 30. Rxc8+ 1-0

[Event "Württemberg 1-Niedersachsen 1"]
[Site "Gladenbach"]
[Date "2011.09.15"]
[Round "5.4"]
[White "Gerstenberger, Heinz"]
[Black "Adibekian, Roubik"]
[Result "1/2-1/2"]
[WhiteElo "2055"]
[BlackElo "2051"]
[PlyCount "92"]
[EventDate "2011.??.??"]
[WhiteTeam "Württemberg 1"]
[BlackTeam "Niedersachsen 1"]

1. b3 e5 2. Bb2 Nc6 3. e3 d5 4. Bb5 Bd6 5. f4 f6 6. Qh5+ g6 7. Qh4 Bd7 8. Nc3
a6 9. Bd3 e4 10. Be2 Nce7 11. O-O-O c6 12. g4 Qa5 13. d3 exd3 14. Bxd3 Ba3 15.
f5 Bxb2+ 16. Kxb2 g5 17. Qh5+ Kf8 18. Nf3 Be8 19. Qh3 h5 20. gxh5 Bxh5 21. Nd4
Rh6 22. Rde1 Bf7 23. Qg3 c5 24. Ne6+ Bxe6 25. fxe6 Rc8 26. Rc1 c4 27. Be2 Qc5
28. Rhf1 Kg7 29. Bg4 b5 30. h3 a5 31. e4 d4 32. Nd5 Nxd5 33. exd5 Qxd5 34. Rf5
Qc6 35. Qf2 Ne7 36. Rxg5+ fxg5 37. Qf7+ Kh8 38. Qxe7 cxb3 39. axb3 Qc3+ 40. Kb1
d3 41. Qxg5 dxc2+ 42. Ka2 Rh7 43. Qxb5 Qe3 44. Kb2 a4 45. bxa4 Qc3+ 46. Ka2 Rc5
1/2-1/2

[Event "Hessen 2-NRW 1"]
[Site "Gladenbach"]
[Date "2011.09.15"]
[Round "5.1"]
[White "Khanukov, Boris"]
[Black "Isserman, Ryhor"]
[Result "0-1"]
[WhiteElo "2222"]
[BlackElo "2251"]
[PlyCount "66"]
[EventDate "2011.??.??"]
[WhiteTeam "NRW 1"]
[BlackTeam "Hessen 2"]

1. d4 Nf6 2. Nf3 g6 3. c4 c5 4. d5 d6 5. Nc3 Bg7 6. e4 O-O 7. Be2 e5 8. O-O Ne8
9. Ne1 f5 10. Nd3 Nf6 11. f3 f4 12. a3 Na6 13. Bd2 g5 14. Be1 Rf7 15. Bf2 Bf8
16. b4 b6 17. bxc5 Nxc5 18. Nxc5 bxc5 19. Rb1 Rg7 20. h3 Qe8 21. Qa4 Bd7 22.
Qa6 Bc8 23. Qb5 Bd7 24. Qa5 h5 25. Rb7 g4 26. Bh4 gxh3 27. Rf2 Qg6 28. Bf1 Be7
29. Qc7 Ne8 30. Qxd7 Bxh4 31. Qe6+ Qxe6 32. Rxg7+ Nxg7 33. dxe6 Bxf2+ 0-1

[Event "Hessen 2-NRW 1"]
[Site "Gladenbach"]
[Date "2011.09.15"]
[Round "5.2"]
[White "Zunker, Reinhard"]
[Black "Rotstein, Jefim"]
[Result "0-1"]
[WhiteElo "2019"]
[BlackElo "2263"]
[PlyCount "92"]
[EventDate "2011.??.??"]
[WhiteTeam "Hessen 2"]
[BlackTeam "NRW 1"]

1. e4 c5 2. Nf3 e6 3. b3 Nf6 4. e5 Nd5 5. Bb2 g6 6. g3 Bg7 7. c4 Ne7 8. Nc3 O-O
9. Ne4 d5 10. Nxc5 Nbc6 11. Rc1 b6 12. cxd5 Qxd5 13. Na4 Nxe5 14. Bxe5 Bxe5 15.
Nc3 Bxc3 16. dxc3 Bb7 17. Qxd5 Nxd5 18. Bg2 Rac8 19. Nd4 Ba8 20. Bxd5 Bxd5 21.
O-O e5 22. Nb5 a6 23. Na3 f6 24. Rfd1 Rfd8 25. Kf1 Bf3 26. Rxd8+ Rxd8 27. Ke1
b5 28. Nb1 Kf7 29. Nd2 Bc6 30. Nf1 Ke6 31. Rd1 Rc8 32. Ke2 g5 33. Nd2 Kf5 34.
Nf1 Ke6 35. Nd2 f5 36. c4 f4 37. f3 h5 38. Rg1 Kf5 39. Rc1 g4 40. gxf4 exf4 41.
Kf2 b4 42. fxg4+ hxg4 43. Nf1 Rd8 44. Rc2 Rd1 45. Ke2 Ra1 46. Rd2 Bg2 0-1

[Event "Hessen 2-NRW 1"]
[Site "Gladenbach"]
[Date "2011.09.15"]
[Round "5.3"]
[White "Rosen, Willy"]
[Black "Niebling, Ferdinand"]
[Result "1-0"]
[WhiteElo "2222"]
[BlackElo "2009"]
[PlyCount "59"]
[EventDate "2011.??.??"]
[WhiteTeam "NRW 1"]
[BlackTeam "Hessen 2"]

1. e4 e6 2. d4 d5 3. Nc3 Nf6 4. Bg5 dxe4 5. Nxe4 Be7 6. Bxf6 gxf6 7. Nf3 b6 8.
Bb5+ c6 9. Bd3 Bb7 10. Qe2 Nd7 11. Ba6 Bxa6 12. Qxa6 Qc7 13. Qe2 O-O-O 14.
O-O-O Rhg8 15. Rhg1 Kb8 16. Kb1 f5 17. Ng3 Bf6 18. c4 Rge8 19. Qc2 c5 20. Ne2
cxd4 21. Nexd4 Nc5 22. Nb5 Qc6 23. Nfd4 Bxd4 24. Nxd4 Qb7 25. f3 Rd7 26. Rd2
Red8 27. Rgd1 Rd6 28. b4 Qd7 29. bxc5 Rxd4 30. Rxd4 1-0

[Event "Hessen 2-NRW 1"]
[Site "Gladenbach"]
[Date "2011.09.15"]
[Round "5.4"]
[White "Limberg, Siegfried"]
[Black "Schippan, Bernhard"]
[Result "0-1"]
[WhiteElo "2032"]
[BlackElo "2212"]
[PlyCount "86"]
[EventDate "2011.??.??"]
[WhiteTeam "Hessen 2"]
[BlackTeam "NRW 1"]

1. d4 Nf6 2. Nf3 g6 3. Bg5 Bg7 4. Nbd2 O-O 5. e3 d6 6. Be2 Nbd7 7. O-O e5 8. c3
h6 9. Bxf6 Bxf6 10. Qc2 Bg7 11. Rfd1 Qe7 12. dxe5 dxe5 13. e4 Nc5 14. Nc4 f5
15. exf5 gxf5 16. b4 Ne4 17. Rac1 Ng5 18. Qd2 Nxf3+ 19. Bxf3 e4 20. Be2 Be6 21.
Qf4 Rad8 22. Rxd8 Rxd8 23. a4 Qg5 24. Qxg5 hxg5 25. Kf1 f4 26. Na5 Bc8 27. Nb3
b6 28. Bc4+ Kh7 29. Ke2 Bg4+ 30. f3 exf3+ 31. gxf3 Bf5 32. Nd2 Kg6 33. Ne4 Rh8
34. Rh1 Bxe4 35. fxe4 Bxc3 36. b5 g4 37. Kf2 Bd4+ 38. Kg2 Kg5 39. Rd1 f3+ 40.
Kh1 Be5 41. Rd5 Rxh2+ 42. Kg1 Rg2+ 43. Kf1 Kf4 0-1